[Event "World Chess Olympiad 2018"]
[Site "Batumi"]
[Date "2018.10.04"]
[Round "10"]
[Board "2"]
[WhiteFideId "13100351"]
[White "Ralison Milanto Harifidy"]
[BlackFideId "7900309"]
[Black "Rizouk Aimen"]
[Result "0-1"]
[LiveChessVersion "1.4.8"]
[BlackElo "2445"]
[WhiteElo "2281"]

1. e4 {[%clk 1:30:54]} d5 {[%clk 1:30:47]} 2. exd5 {[%clk 1:31:12]} Qxd5
{[%clk 1:31:08]} 3. Nc3 {[%clk 1:31:30]} Qa5 {[%clk 1:31:36]} 4. Bc4
{[%clk 1:31:41]} Nf6 {[%clk 1:32:01]} 5. d4 {[%clk 1:31:22]} c6 {[%clk 1:31:27]}
6. Nge2 {[%clk 1:29:42]} Bf5 {[%clk 1:30:25]} 7. Ng3 {[%clk 1:29:39]} Bg6
{[%clk 1:29:50]} 8. h4 {[%clk 1:26:31]} h6 {[%clk 1:22:52]} 9. h5
{[%clk 1:25:34]} Bh7 {[%clk 1:22:44]} 10. Qe2 {[%clk 1:24:56]} Nbd7
{[%clk 1:17:19]} 11. Bd2 {[%clk 1:23:30]} Qc7 {[%clk 0:57:22]} 12. O-O-O
{[%clk 1:14:54]} Nb6 {[%clk 0:54:22]} 13. Bb3 {[%clk 1:14:03]} e6
{[%clk 0:52:09]} 14. Nge4 {[%clk 1:11:54]} Nfd5 {[%clk 0:34:32]} 15. g3
{[%clk 1:05:01]} Be7 {[%clk 0:31:56]} 16. Kb1 {[%clk 0:56:30]} a5
{[%clk 0:28:46]} 17. Bxd5 {[%clk 0:47:08]} Nxd5 {[%clk 0:13:32]} 18. Nxd5
{[%clk 0:47:10]} cxd5 {[%clk 0:13:59]} 19. Qb5+ {[%clk 0:44:52]} Qd7
{[%clk 0:14:23]} 20. Nc3 {[%clk 0:44:38]} Qxb5 {[%clk 0:14:19]} 21. Nxb5
{[%clk 0:45:03]} Kd7 {[%clk 0:14:45]} 22. a4 {[%clk 0:36:35]} Rhc8
{[%clk 0:15:10]} 23. Bc3 {[%clk 0:35:24]} Rc4 {[%clk 0:12:24]} 24. Rd2
{[%clk 0:30:37]} Rxa4 {[%clk 0:07:10]} 25. b3 {[%clk 0:24:58]} Rb4
{[%clk 0:07:38]} 26. Bxb4 {[%clk 0:24:53]} Bxb4 {[%clk 0:07:24]} 27. Kc1
{[%clk 0:25:11]} Bxd2+ {[%clk 0:03:40]} 28. Kxd2 {[%clk 0:25:36]} Kc6
{[%clk 0:03:44]} 29. Nc3 {[%clk 0:24:47]} b5 {[%clk 0:03:59]} 30. f3
{[%clk 0:24:22]} Rc8 {[%clk 0:04:14]} 31. Nd1 {[%clk 0:20:37]} Kb6
{[%clk 0:02:32]} 32. Ne3 {[%clk 0:20:26]} b4 {[%clk 0:02:02]} 33. Rh2
{[%clk 0:14:53]} Kb5 {[%clk 0:01:44]} 34. Rf2 {[%clk 0:14:04]} Rc3
{[%clk 0:01:38]} 35. g4 {[%clk 0:13:55]} e5 {[%clk 0:00:54]} 36. dxe5
{[%clk 0:13:40]} d4 {[%clk 0:01:21]} 37. Nf5 {[%clk 0:14:00]} Kc5
{[%clk 0:00:37]} 38. Kd1 {[%clk 0:07:05]} Bxf5 {[%clk 0:00:44]} 39. gxf5
{[%clk 0:07:29]} Kd5 {[%clk 0:01:08]} 40. Re2 {[%clk 0:34:19]} d3
{[%clk 0:30:55]} 41. cxd3 {[%clk 0:32:52]} Rxd3+ {[%clk 0:28:40]} 42. Kc2
{[%clk 0:32:29]} Rc3+ {[%clk 0:27:16]} 43. Kd1 {[%clk 0:31:46]} Rxf3
{[%clk 0:25:39]} 44. e6 {[%clk 0:32:05]} fxe6 {[%clk 0:26:01]} 45. fxe6
{[%clk 0:32:30]} Rf8 {[%clk 0:26:16]} 46. Rg2 {[%clk 0:32:13]} Kxe6
{[%clk 0:25:48]} 47. Rxg7 {[%clk 0:32:36]} Rf5 {[%clk 0:24:38]} 48. Rg6+
{[%clk 0:32:13]} Rf6 {[%clk 0:25:04]} 49. Rg8 {[%clk 0:32:25]} Kf7
{[%clk 0:24:18]} 50. Ra8 {[%clk 0:26:38]} Rf5 {[%clk 0:24:38]} 51. Ra6
{[%clk 0:26:38]} Rxh5 {[%clk 0:24:56]} 52. Ke2 {[%clk 0:26:12]} Re5+
{[%clk 0:24:35]} 53. Kf3 {[%clk 0:26:14]} h5 {[%clk 0:24:54]} 54. Kf4
{[%clk 0:24:51]} Rc5 {[%clk 0:25:15]} 55. Kg3 {[%clk 0:22:23]} Ke7
{[%clk 0:24:49]} 0-1

[Event "World Chess Olympiad 2018"]
[Site "Batumi"]
[Date "2018.10.04"]
[Round "10"]
[Board "3"]
[WhiteFideId "7900856"]
[White "Belouadah Saad"]
[BlackFideId "13100858"]
[Black "Andriamasoandro Miora"]
[Result "1-0"]
[LiveChessVersion "1.4.8"]
[BlackElo "2126"]
[WhiteElo "2413"]

1. d4 {[%clk 1:30:52]} d5 {[%clk 1:30:55]} 2. c4 {[%clk 1:31:16]} c6
{[%clk 1:31:20]} 3. Nf3 {[%clk 1:31:36]} Nf6 {[%clk 1:31:14]} 4. g3
{[%clk 1:32:01]} dxc4 {[%clk 1:31:33]} 5. Bg2 {[%clk 1:32:25]} Bf5
{[%clk 1:31:45]} 6. O-O {[%clk 1:32:43]} Nbd7 {[%clk 1:31:53]} 7. Nbd2
{[%clk 1:32:57]} e6 {[%clk 1:29:55]} 8. Nxc4 {[%clk 1:33:15]} Be7
{[%clk 1:29:50]} 9. Qb3 {[%clk 1:30:02]} Nb6 {[%clk 1:27:17]} 10. Nce5
{[%clk 1:29:48]} O-O {[%clk 1:26:52]} 11. Rd1 {[%clk 1:29:48]} a5
{[%clk 1:22:27]} 12. Ng5 {[%clk 1:26:25]} a4 {[%clk 1:17:16]} 13. Qf3
{[%clk 1:24:46]} Bg6 {[%clk 1:17:20]} 14. Nxg6 {[%clk 1:24:14]} hxg6
{[%clk 1:17:42]} 15. e4 {[%clk 1:24:32]} Nfd7 {[%clk 1:14:40]} 16. h4
{[%clk 1:23:05]} e5 {[%clk 1:12:44]} 17. Be3 {[%clk 1:18:43]} Qc7
{[%clk 1:09:00]} 18. Rac1 {[%clk 1:13:51]} exd4 {[%clk 1:05:36]} 19. Bxd4
{[%clk 1:13:29]} Bf6 {[%clk 1:01:44]} 20. Qe2 {[%clk 1:05:49]} Rfe8
{[%clk 0:59:57]} 21. Be3 {[%clk 1:01:56]} Ra5 {[%clk 0:55:35]} 22. f4
{[%clk 0:49:00]} Bd8 {[%clk 0:31:46]} 23. Qf2 {[%clk 0:48:09]} Rb5
{[%clk 0:23:33]} 24. e5 {[%clk 0:45:08]} Bxg5 25. hxg5 {[%clk 0:45:33]} Nc8
{[%clk 0:17:22]} 26. Bf1 {[%clk 0:45:15]} Ra5 {[%clk 0:17:20]} 27. Rc2
{[%clk 0:35:16]} Ndb6 {[%clk 0:15:32]} 28. Bc5 {[%clk 0:20:03]} Nd5
{[%clk 0:10:23]} 29. Rxd5 {[%clk 0:16:13]} cxd5 {[%clk 0:10:46]} 30. Bb4
{[%clk 0:16:37]} Qd8 {[%clk 0:11:07]} 31. Rxc8 {[%clk 0:16:44]} Qxc8
{[%clk 0:11:32]} 32. Bxa5 {[%clk 0:17:09]} Qc1 {[%clk 0:11:01]} 33. a3
{[%clk 0:15:41]} Qd1 {[%clk 0:09:15]} 34. Bc3 {[%clk 0:16:00]} Rd8
{[%clk 0:06:51]} 35. Qd4 {[%clk 0:16:11]} Qf3 {[%clk 0:06:28]} 36. e6
{[%clk 0:16:21]} f6 {[%clk 0:04:48]} 37. gxf6 {[%clk 0:08:47]} gxf6
{[%clk 0:05:02]} 38. Qxf6 {[%clk 0:08:12]} Qxg3+ {[%clk 0:05:05]} 39. Bg2
{[%clk 0:08:23]} Qe3+ {[%clk 0:04:26]} 40. Kh2 {[%clk 0:38:45]} d4
{[%clk 0:34:44]} 41. Qxd8+ {[%clk 0:38:39]} Kh7 {[%clk 0:35:09]} 42. Qxd4
{[%clk 0:38:59]} 1-0

[Event "World Chess Olympiad 2018"]
[Site "Batumi"]
[Date "2018.10.04"]
[Round "10"]
[Board "4"]
[WhiteFideId "13101439"]
[White "Razanadrakotoarisoa Toavina"]
[BlackFideId "7901810"]
[Black "Oussedik Mahfoud"]
[Result "0-1"]
[LiveChessVersion "1.4.8"]
[BlackElo "2318"]
[WhiteElo "2013"]

1. e4 {[%clk 1:30:54]} c5 {[%clk 1:30:54]} 2. Nf3 {[%clk 1:30:56]} g6
{[%clk 1:30:54]} 3. d4 {[%clk 1:30:47]} cxd4 {[%clk 1:31:17]} 4. Nxd4
{[%clk 1:30:12]} Bg7 {[%clk 1:31:42]} 5. Nc3 {[%clk 1:29:30]} Nc6
{[%clk 1:32:03]} 6. Be3 {[%clk 1:28:28]} Nf6 {[%clk 1:32:28]} 7. Bc4
{[%clk 1:28:22]} Qa5 {[%clk 1:32:46]} 8. Qd2 {[%clk 1:27:49]} Qb4
{[%clk 1:26:08]} 9. Ndb5 {[%clk 1:12:39]} Qxc4 {[%clk 1:17:59]} 10. Nc7+
{[%clk 1:12:56]} Kd8 {[%clk 1:18:23]} 11. Nxa8 {[%clk 1:13:15]} Nxe4
{[%clk 1:16:27]} 12. Nxe4 {[%clk 1:13:19]} Qxe4 {[%clk 1:16:53]} 13. O-O
{[%clk 1:10:09]} b6 {[%clk 1:00:59]} 14. Rfe1 {[%clk 0:49:26]} Qc4
{[%clk 0:57:29]} 15. Rad1 {[%clk 0:39:39]} Bxb2 {[%clk 0:51:29]} 16. Bg5
{[%clk 0:33:04]} f6 {[%clk 0:48:23]} 17. Be3 {[%clk 0:13:15]} Bc3
{[%clk 0:48:12]} 18. Qe2 {[%clk 0:13:25]} Qxe2 {[%clk 0:48:23]} 19. Rxe2
{[%clk 0:13:49]} Ba5 {[%clk 0:45:17]} 20. Bf4 {[%clk 0:13:45]} e5
{[%clk 0:45:43]} 21. Bh6 {[%clk 0:13:52]} Re8 {[%clk 0:46:07]} 22. Rd6
{[%clk 0:12:21]} Nd4 {[%clk 0:37:35]} 23. Rxd4 {[%clk 0:06:19]} exd4
{[%clk 0:38:01]} 24. Rxe8+ {[%clk 0:06:39]} Kxe8 {[%clk 0:38:27]} 25. Nc7+
{[%clk 0:06:53]} Ke7 {[%clk 0:38:49]} 26. Nb5 {[%clk 0:06:25]} Ba6
{[%clk 0:37:36]} 27. Nxd4 {[%clk 0:06:26]} Bc4 {[%clk 0:37:56]} 28. a4
{[%clk 0:03:48]} Kd6 {[%clk 0:37:58]} 29. Bg7 {[%clk 0:03:03]} Bc3
{[%clk 0:37:49]} 30. Bf8+ {[%clk 0:01:47]} Kd5 {[%clk 0:38:13]} 31. Nf3
{[%clk 0:02:10]} Be2 0-1

[Event "World Chess Olympiad 2018"]
[Site "Batumi"]
[Date "2018.10.04"]
[Round "10"]
[Board "1"]
[WhiteFideId "2500914"]
[White "Baburin Alexander"]
[BlackFideId "5500419"]
[Black "Amdouni Zoubaier"]
[Result "0-1"]
[LiveChessVersion "1.4.8"]
[BlackElo "2218"]
[WhiteElo "2452"]

1. d4 {[%clk 1:30:48]} d5 {[%clk 1:30:48]} 2. c4 {[%clk 1:31:12]} Bf5
{[%clk 1:31:02]} 3. Nc3 {[%clk 1:30:07]} e6 {[%clk 1:29:50]} 4. Nf3
{[%clk 1:30:27]} Nc6 {[%clk 1:30:01]} 5. Bf4 {[%clk 1:23:58]} Bd6
{[%clk 1:25:18]} 6. Bxd6 {[%clk 1:19:13]} Qxd6 {[%clk 1:25:22]} 7. e3
{[%clk 1:18:58]} Qb4 {[%clk 1:08:23]} 8. Qc1 {[%clk 1:11:16]} dxc4
{[%clk 1:04:11]} 9. a3 {[%clk 1:09:07]} Qe7 {[%clk 1:04:22]} 10. Bxc4
{[%clk 1:09:12]} Nf6 {[%clk 1:04:16]} 11. Bb5 {[%clk 1:04:35]} O-O
{[%clk 1:03:43]} 12. Bxc6 {[%clk 1:04:14]} bxc6 {[%clk 1:04:12]} 13. O-O
{[%clk 1:02:51]} c5 {[%clk 1:00:42]} 14. Na4 {[%clk 0:58:03]} Bd3
{[%clk 0:53:09]} 15. Re1 {[%clk 0:58:04]} cxd4 {[%clk 0:52:52]} 16. Nxd4
{[%clk 0:56:52]} e5 {[%clk 0:46:04]} 17. Nc6 {[%clk 0:46:47]} Qd6
{[%clk 0:40:57]} 18. Rd1 {[%clk 0:43:00]} e4 {[%clk 0:36:37]} 19. h3
{[%clk 0:34:00]} Nd7 {[%clk 0:13:23]} 20. Nb4 {[%clk 0:24:47]} Ne5
{[%clk 0:13:00]} 21. Nc5 {[%clk 0:22:08]} Qg6 {[%clk 0:07:25]} 22. Ncxd3
{[%clk 0:18:36]} exd3 {[%clk 0:07:49]} 23. Qxc7 {[%clk 0:18:30]} Rfe8
{[%clk 0:08:16]} 24. Nd5 {[%clk 0:12:24]} Qe4 {[%clk 0:05:57]} 25. Nf4
{[%clk 0:10:30]} g5 {[%clk 0:04:21]} 26. Nh5 {[%clk 0:09:52]} Qg6
{[%clk 0:04:50]} 27. Ng3 {[%clk 0:09:22]} g4 {[%clk 0:02:14]} 28. h4
{[%clk 0:08:33]} Qf6 {[%clk 0:02:34]} 29. Rac1 {[%clk 0:07:33]} Rad8
{[%clk 0:01:49]} 30. Rc5 {[%clk 0:07:12]} h6 {[%clk 0:01:12]} 31. Rd2
{[%clk 0:05:30]} Kh7 {[%clk 0:00:32]} 32. Nh5 {[%clk 0:05:03]} Qf5
{[%clk 0:00:44]} 33. Rxe5 {[%clk 0:04:44]} Qxe5 {[%clk 0:00:39]} 34. Qxf7+
{[%clk 0:04:59]} Kh8 {[%clk 0:01:08]} 35. Nf6 {[%clk 0:03:34]} Qf5
{[%clk 0:01:37]} 36. e4 {[%clk 0:02:24]} Rxe4 {[%clk 0:01:24]} 37. Rxd3
{[%clk 0:01:51]} Re1+ {[%clk 0:01:50]} 38. Kh2 {[%clk 0:02:18]} Qxd3
{[%clk 0:02:13]} 39. Nh5 {[%clk 0:02:17]} Qd6+ {[%clk 0:01:00]} 40. g3
{[%clk 0:32:42]} Qd4 {[%clk 0:31:17]} 0-1

[Event "World Chess Olympiad 2018"]
[Site "Batumi"]
[Date "2018.10.04"]
[Round "10"]
[Board "2"]
[WhiteFideId "5500796"]
[White "Zaibi Amir"]
[BlackFideId "2501430"]
[Black "Astaneh Lopez Alex"]
[Result "1-0"]
[LiveChessVersion "1.4.8"]
[BlackElo "2433"]
[WhiteElo "2361"]

1. c4 {[%clk 1:30:57]} c6 {[%clk 1:30:02]} 2. e4 {[%clk 1:31:19]} d5
{[%clk 1:30:27]} 3. cxd5 {[%clk 1:31:41]} cxd5 {[%clk 1:30:53]} 4. exd5
{[%clk 1:32:06]} Nf6 {[%clk 1:31:16]} 5. Nc3 {[%clk 1:32:05]} Nxd5
{[%clk 1:31:39]} 6. Nf3 {[%clk 1:32:25]} Nc6 {[%clk 1:31:49]} 7. d4
{[%clk 1:32:16]} e6 {[%clk 1:31:55]} 8. Bc4 {[%clk 1:30:08]} Be7 {[%clk 1:30:49]}
9. O-O {[%clk 1:30:29]} O-O {[%clk 1:31:14]} 10. Re1 {[%clk 1:30:08]} b6
{[%clk 1:31:05]} 11. Nxd5 {[%clk 1:27:17]} exd5 {[%clk 1:31:25]} 12. Bb5
{[%clk 1:27:39]} Bb7 {[%clk 1:30:01]} 13. Qa4 {[%clk 1:23:53]} Rc8
{[%clk 1:29:07]} 14. Bd2 {[%clk 1:17:40]} a6 {[%clk 1:26:10]} 15. Bxc6
{[%clk 1:14:26]} Rxc6 {[%clk 1:26:34]} 16. Bb4 {[%clk 1:09:51]} Bxb4
{[%clk 1:23:25]} 17. Qxb4 {[%clk 1:10:16]} Rc4 {[%clk 1:23:45]} 18. Qd2
{[%clk 1:08:13]} Qc7 {[%clk 1:23:13]} 19. Re2 {[%clk 1:05:54]} Rc8
{[%clk 1:21:22]} 20. Rae1 {[%clk 1:02:10]} Rc1 {[%clk 1:21:43]} 21. Re8+
{[%clk 0:59:18]} Rxe8 {[%clk 1:22:08]} 22. Rxc1 {[%clk 0:59:40]} Qd6
{[%clk 1:22:26]} 23. h3 {[%clk 0:59:10]} f6 {[%clk 1:22:13]} 24. Re1
{[%clk 0:58:14]} Bc6 {[%clk 1:21:51]} 25. Rxe8+ {[%clk 0:57:28]} Bxe8
{[%clk 1:22:17]} 26. Qd3 {[%clk 0:53:09]} a5 {[%clk 1:21:49]} 27. Nd2
{[%clk 0:48:07]} Qb4 {[%clk 1:21:22]} 28. Qe3 {[%clk 0:45:26]} Kf8
{[%clk 1:20:29]} 29. b3 {[%clk 0:43:34]} Qa3 {[%clk 1:11:22]} 30. Qf4
{[%clk 0:43:27]} Qc1+ {[%clk 1:09:28]} 31. Kh2 {[%clk 0:43:47]} Kf7
{[%clk 1:09:48]} 32. Qe3 {[%clk 0:42:20]} b5 {[%clk 1:07:38]} 33. Nc4
{[%clk 0:34:29]} Qxe3 {[%clk 1:07:57]} 34. Nxe3 {[%clk 0:34:56]} Ke6
{[%clk 1:08:18]} 35. a3 {[%clk 0:35:05]} g5 {[%clk 1:07:43]} 36. g4
{[%clk 0:33:16]} Bg6 {[%clk 1:08:00]} 37. b4 {[%clk 0:33:39]} axb4
{[%clk 1:08:26]} 38. axb4 {[%clk 0:34:04]} f5 {[%clk 1:08:22]} 39. gxf5+
{[%clk 0:33:57]} Bxf5 {[%clk 1:08:45]} 40. Kg3 {[%clk 1:04:16]} h6
{[%clk 1:38:08]} 41. h4 {[%clk 1:01:12]} gxh4+ {[%clk 1:37:58]} 42. Kxh4
{[%clk 1:01:38]} Bg6 {[%clk 1:38:07]} 43. Kg4 {[%clk 1:01:24]} Be8
{[%clk 1:37:10]} 44. Kf4 {[%clk 0:58:44]} Bg6 {[%clk 1:35:49]} 45. Ng4
{[%clk 0:58:50]} h5 {[%clk 1:36:13]} 46. Ne3 {[%clk 0:59:00]} Bd3
{[%clk 1:36:18]} 47. Kg5 {[%clk 0:59:16]} Be2 {[%clk 1:36:44]} 48. Ng2 1-0

[Event "World Chess Olympiad 2018"]
[Site "Batumi"]
[Date "2018.10.04"]
[Round "10"]
[Board "3"]
[WhiteFideId "2504243"]
[White "O`Donnell Conor"]
[BlackFideId "5501733"]
[Black "Bouzidi Ahmed"]
[Result "0-1"]
[LiveChessVersion "1.4.8"]
[BlackElo "2246"]
[WhiteElo "2360"]

1. d4 {[%clk 1:30:57]} Nf6 {[%clk 1:30:52]} 2. c4 {[%clk 1:31:20]} e6
{[%clk 1:31:13]} 3. Nf3 {[%clk 1:31:31]} b6 {[%clk 1:31:19]} 4. g3
{[%clk 1:31:55]} Bb7 {[%clk 1:31:44]} 5. Bg2 {[%clk 1:32:19]} Be7
{[%clk 1:32:09]} 6. O-O {[%clk 1:32:41]} O-O {[%clk 1:32:36]} 7. Nc3
{[%clk 1:32:57]} Ne4 {[%clk 1:30:14]} 8. Bd2 {[%clk 1:33:25]} f5 {[%clk 1:29:39]}
9. Ne5 {[%clk 1:33:25]} Nxc3 {[%clk 1:27:16]} 10. Bxc3 {[%clk 1:33:46]} Bxg2
{[%clk 1:27:36]} 11. Kxg2 {[%clk 1:34:12]} Bf6 {[%clk 1:22:42]} 12. Qd3
{[%clk 1:33:09]} a5 {[%clk 1:06:24]} 13. Rac1 {[%clk 1:21:41]} d6
{[%clk 1:01:08]} 14. Nf3 {[%clk 1:19:48]} Nd7 {[%clk 0:56:56]} 15. Rfe1
{[%clk 1:13:13]} Qc8 {[%clk 0:53:47]} 16. e4 Qb7 {[%clk 0:48:38]} 17. Rc2
{[%clk 0:54:36]} Rf7 {[%clk 0:42:24]} 18. Rce2 {[%clk 0:45:15]} Raf8
{[%clk 0:35:54]} 19. h4 {[%clk 0:28:52]} e5 {[%clk 0:33:34]} 20. dxe5
{[%clk 0:28:55]} Nc5 {[%clk 0:33:44]} 21. Qd5 {[%clk 0:24:53]} c6
{[%clk 0:33:07]} 22. Qxf7+ {[%clk 0:10:28]} Qxf7 {[%clk 0:30:24]} 23. exf6
{[%clk 0:10:57]} fxe4 {[%clk 0:28:03]} 24. Ng5 {[%clk 0:11:23]} Qxc4
{[%clk 0:27:58]} 25. Nxe4 {[%clk 0:09:33]} gxf6 {[%clk 0:26:33]} 26. Nxf6+
{[%clk 0:08:45]} Rxf6 {[%clk 0:26:50]} 27. Bxf6 {[%clk 0:09:07]} Nd3
{[%clk 0:27:13]} 28. Re8+ {[%clk 0:06:39]} Kf7 {[%clk 0:25:37]} 29. R1e6
{[%clk 0:05:06]} Qd5+ {[%clk 0:21:21]} 30. f3 {[%clk 0:04:49]} Qxe6
{[%clk 0:14:24]} 31. Rxe6 {[%clk 0:05:17]} Kxe6 {[%clk 0:14:43]} 32. Bd8
{[%clk 0:02:52]} b5 {[%clk 0:13:01]} 33. Bxa5 {[%clk 0:02:09]} Nxb2
{[%clk 0:13:22]} 34. g4 {[%clk 0:02:13]} d5 {[%clk 0:13:22]} 35. Bc3
{[%clk 0:01:04]} Na4 {[%clk 0:13:21]} 36. Ba1 {[%clk 0:00:58]} c5
{[%clk 0:13:36]} 37. Kf2 {[%clk 0:00:59]} d4 {[%clk 0:13:44]} 38. f4
{[%clk 0:00:59]} Nb6 {[%clk 0:12:50]} 39. Kf3 {[%clk 0:00:45]} Kd5
{[%clk 0:13:09]} 40. g5 {[%clk 0:30:43]} c4 {[%clk 0:41:21]} 41. f5
{[%clk 0:21:46]} Nd7 {[%clk 0:40:07]} 42. a3 {[%clk 0:12:45]} c3 {[%clk 0:39:38]}
43. h5 {[%clk 0:10:06]} Ne5+ {[%clk 0:37:54]} 44. Ke2 {[%clk 0:08:02]} d3+
{[%clk 0:29:48]} 45. Kd1 {[%clk 0:08:06]} Kc4 {[%clk 0:29:38]} 46. g6
{[%clk 0:03:32]} hxg6 {[%clk 0:27:14]} 47. fxg6 {[%clk 0:04:00]} Ng4
{[%clk 0:27:07]} 48. g7 {[%clk 0:04:25]} Nh6 {[%clk 0:27:22]} 49. Kc1
{[%clk 0:04:02]} Kb3 {[%clk 0:27:42]} 50. Kd1 {[%clk 0:04:04]} d2
{[%clk 0:28:04]} 51. a4 {[%clk 0:03:01]} bxa4 {[%clk 0:28:21]} 0-1

[Event "World Chess Olympiad 2018"]
[Site "Batumi"]
[Date "2018.10.04"]
[Round "10"]
[Board "4"]
[WhiteFideId "5500770"]
[White "Taieb Sahbi"]
[BlackFideId "628859"]
[Black "Jessel Stephen"]
[Result "0-1"]
[LiveChessVersion "1.4.8"]
[BlackElo "2317"]
[WhiteElo "2146"]

1. e4 {[%clk 1:30:58]} e6 {[%clk 1:30:47]} 2. d3 {[%clk 1:31:24]} d5
{[%clk 1:30:55]} 3. Nd2 {[%clk 1:31:51]} c5 {[%clk 1:30:43]} 4. Ngf3
{[%clk 1:32:18]} Nc6 {[%clk 1:30:57]} 5. g3 {[%clk 1:32:43]} g6 {[%clk 1:30:58]}
6. Bg2 {[%clk 1:33:10]} Bg7 {[%clk 1:31:15]} 7. O-O {[%clk 1:33:32]} Nge7
{[%clk 1:31:34]} 8. Re1 {[%clk 1:32:57]} O-O {[%clk 1:31:42]} 9. c3
{[%clk 1:32:31]} b6 {[%clk 1:30:41]} 10. Nf1 {[%clk 1:20:05]} h6 {[%clk 1:25:51]}
11. h4 {[%clk 1:18:37]} a5 {[%clk 1:22:01]} 12. e5 {[%clk 1:10:58]} a4
{[%clk 1:19:42]} 13. Bf4 {[%clk 1:02:17]} Kh7 {[%clk 1:17:53]} 14. N3h2
{[%clk 0:51:45]} Bb7 {[%clk 1:10:46]} 15. Qd2 {[%clk 0:48:35]} a3
{[%clk 1:02:02]} 16. b3 {[%clk 0:46:48]} Ra7 {[%clk 0:56:31]} 17. Ng4
{[%clk 0:37:34]} Nf5 {[%clk 0:53:05]} 18. Nfe3 {[%clk 0:17:15]} d4
{[%clk 0:48:03]} 19. Nxf5 {[%clk 0:14:34]} exf5 {[%clk 0:47:28]} 20. Nf6+
{[%clk 0:12:53]} Bxf6 {[%clk 0:46:51]} 21. exf6 {[%clk 0:13:10]} dxc3
{[%clk 0:38:10]} 22. Qxc3 {[%clk 0:13:28]} Nd4 {[%clk 0:38:08]} 23. Bxb7
{[%clk 0:10:09]} Rxb7 {[%clk 0:37:41]} 24. Re3 {[%clk 0:09:59]} Qxf6
{[%clk 0:35:48]} 25. Be5 {[%clk 0:10:02]} Qd8 {[%clk 0:35:46]} 26. Qc4
{[%clk 0:10:03]} Rd7 {[%clk 0:28:33]} 27. Bxd4 {[%clk 0:09:35]} Rxd4
{[%clk 0:28:44]} 28. Qa6 {[%clk 0:08:15]} f4 {[%clk 0:27:57]} 29. Rf3
{[%clk 0:05:48]} Qa8 {[%clk 0:19:12]} 30. Qxa8 {[%clk 0:06:00]} Rxa8
{[%clk 0:19:37]} 31. Re1 {[%clk 0:05:54]} Ra7 {[%clk 0:17:11]} 32. gxf4
{[%clk 0:04:28]} Rad7 {[%clk 0:15:54]} 33. Ree3 {[%clk 0:04:39]} Kg7
{[%clk 0:13:44]} 34. Kf1 {[%clk 0:04:59]} R7d5 {[%clk 0:12:15]} 35. Ke2
{[%clk 0:03:53]} Rh5 {[%clk 0:11:43]} 36. Re7 {[%clk 0:03:40]} Rxh4
{[%clk 0:10:59]} 37. Ke3 {[%clk 0:04:00]} Rh1 {[%clk 0:06:16]} 38. Ra7
{[%clk 0:04:24]} Re1+ {[%clk 0:06:03]} 39. Kd2 {[%clk 0:04:45]} Ree4
{[%clk 0:06:08]} 40. f5 {[%clk 0:33:38]} Rf4 {[%clk 0:35:38]} 41. f6+
{[%clk 0:30:24]} Kxf6 {[%clk 0:33:28]} 42. Rxf4+ {[%clk 0:30:35]} Rxf4
{[%clk 0:33:51]} 43. Ke3 {[%clk 0:30:55]} Kg5 {[%clk 0:32:19]} 44. Rxa3
{[%clk 0:28:33]} h5 {[%clk 0:30:00]} 45. f3 {[%clk 0:25:47]} h4 {[%clk 0:28:52]}
46. Ra6 {[%clk 0:25:36]} h3 {[%clk 0:25:25]} 47. Kf2 {[%clk 0:25:56]} h2
{[%clk 0:14:24]} 48. Kg2 {[%clk 0:26:19]} Rxf3 {[%clk 0:13:52]} 49. Kxh2
{[%clk 0:26:42]} Rxd3 {[%clk 0:11:55]} 50. Rxb6 {[%clk 0:27:00]} Rd2+
{[%clk 0:10:48]} 51. Kg3 {[%clk 0:27:24]} Rxa2 {[%clk 0:10:56]} 52. Rb5
{[%clk 0:27:46]} Rc2 {[%clk 0:10:06]} 53. b4 {[%clk 0:27:31]} f5 {[%clk 0:09:40]}
54. bxc5 {[%clk 0:27:02]} Rc3+ {[%clk 0:09:17]} 55. Kf2 {[%clk 0:27:08]} Kg4
{[%clk 0:07:32]} 56. Rb6 {[%clk 0:26:49]} g5 {[%clk 0:07:54]} 57. c6
{[%clk 0:27:17]} f4 {[%clk 0:07:42]} 58. Ke2 {[%clk 0:22:54]} f3+
{[%clk 0:05:53]} 59. Kd2 {[%clk 0:21:50]} f2 {[%clk 0:05:15]} 60. Ke2
{[%clk 0:17:08]} Kg3 {[%clk 0:05:03]} 0-1

[Event "World Chess Olympiad 2018"]
[Site "Batumi"]
[Date "2018.10.04"]
[Round "10"]
[Board "1"]
[WhiteFideId "1700146"]
[White "Wiedenkeller Michael"]
[BlackFideId "3901211"]
[Black "Iturrizaga Bonelli Eduardo"]
[Result "0-1"]
[LiveChessVersion "1.4.8"]
[BlackElo "2636"]
[WhiteElo "2464"]

1. d4 {[%clk 1:30:45]} Nf6 {[%clk 1:30:56]} 2. c4 {[%clk 1:31:06]} e6
{[%clk 1:31:01]} 3. Nc3 {[%clk 1:31:28]} Bb4 {[%clk 1:31:26]} 4. e3
{[%clk 1:31:49]} O-O {[%clk 1:31:37]} 5. Nge2 {[%clk 1:32:10]} d5
{[%clk 1:28:47]} 6. a3 {[%clk 1:32:30]} Be7 {[%clk 1:28:42]} 7. cxd5
{[%clk 1:32:43]} exd5 {[%clk 1:29:01]} 8. Nf4 {[%clk 1:32:57]} Re8
{[%clk 1:26:33]} 9. Bd3 {[%clk 1:32:34]} a5 {[%clk 1:22:34]} 10. O-O
{[%clk 1:32:06]} Na6 {[%clk 1:18:53]} 11. f3 {[%clk 1:28:15]} c6 {[%clk 1:02:26]}
12. Bc2 {[%clk 1:17:40]} b5 {[%clk 0:59:30]} 13. Kh1 {[%clk 1:10:40]} Bf8
{[%clk 0:55:24]} 14. Bd2 {[%clk 1:05:29]} Nc7 {[%clk 0:53:14]} 15. g4
{[%clk 0:57:11]} Nd7 {[%clk 0:50:26]} 16. Rg1 {[%clk 0:49:20]} Nb6
{[%clk 0:48:11]} 17. b3 {[%clk 0:42:36]} a4 {[%clk 0:43:14]} 18. bxa4
{[%clk 0:40:37]} Nc4 {[%clk 0:43:24]} 19. Bc1 {[%clk 0:39:02]} Nxe3
{[%clk 0:37:17]} 20. Bxh7+ {[%clk 0:37:44]} Kxh7 {[%clk 0:37:08]} 21. Qd3+
{[%clk 0:38:04]} Nf5 {[%clk 0:37:14]} 22. axb5 {[%clk 0:36:30]} Qf6
{[%clk 0:37:28]} 23. gxf5 {[%clk 0:21:14]} Bxf5 {[%clk 0:37:39]} 24. Qd1
{[%clk 0:20:25]} Nxb5 {[%clk 0:37:56]} 25. Nxb5 {[%clk 0:20:17]} cxb5
{[%clk 0:38:22]} 26. Nxd5 {[%clk 0:19:00]} Qc6 {[%clk 0:37:36]} 27. Ne3
{[%clk 0:18:47]} Bg6 {[%clk 0:38:01]} 28. Ng4 {[%clk 0:14:22]} Bd6
{[%clk 0:32:03]} 29. Bb2 {[%clk 0:12:53]} Rad8 {[%clk 0:21:10]} 30. Rc1
{[%clk 0:11:40]} Qb7 {[%clk 0:19:03]} 31. d5 {[%clk 0:09:53]} f5 {[%clk 0:13:56]}
32. Qd4 {[%clk 0:06:20]} fxg4 {[%clk 0:12:33]} 33. Qxg4 {[%clk 0:06:32]} Qf7
{[%clk 0:11:11]} 34. Qh4+ {[%clk 0:06:18]} Kg8 {[%clk 0:11:28]} 35. Rxg6
{[%clk 0:04:47]} Qxg6 {[%clk 0:11:56]} 36. Rg1 {[%clk 0:05:02]} Bg3
{[%clk 0:12:24]} 37. Qd4 {[%clk 0:02:43]} Re1 {[%clk 0:12:37]} 38. hxg3
{[%clk 0:02:14]} Qh5+ {[%clk 0:12:59]} 39. Qh4 {[%clk 0:01:49]} Qxf3+
{[%clk 0:13:24]} 40. Kh2 {[%clk 0:32:13]} Re2+ {[%clk 0:43:51]} 41. Kh3
{[%clk 0:32:10]} Rxd5 {[%clk 0:44:16]} 0-1